Essentials of English language teaching
This book includes chapters on learners, learning processes, the English language, teaching materials, teaching equipment, class management and testing.
Spremljeno u:
| Glavni autor: | |
|---|---|
| Format: | Knjiga |
| Jezik: | Undetermined |
| Izdano: |
London
Longman
1999
|
| Teme: | |
| Oznake: |
Dodaj oznaku
Bez oznaka, Budi prvi tko označuje ovaj zapis!
|
| Thư viện lưu trữ: | Trung tâm Học liệu Trường Đại học Cần Thơ |
|---|
| LEADER | 00726nam a2200217Ia 4500 | ||
|---|---|---|---|
| 001 | CTU_35093 | ||
| 008 | 210402s9999 xx 000 0 und d | ||
| 020 | |b 45.000đ | ||
| 082 | |a 428.007 | ||
| 082 | |b E23 | ||
| 100 | |a Edge, Julian | ||
| 245 | 0 | |a Essentials of English language teaching | |
| 245 | 0 | |c Julian Edge | |
| 260 | |a London | ||
| 260 | |b Longman | ||
| 260 | |c 1999 | ||
| 520 | |a This book includes chapters on learners, learning processes, the English language, teaching materials, teaching equipment, class management and testing. | ||
| 650 | |a English language,English language | ||
| 650 | |x Study and teaching,Foreign speakers | ||
| 904 | |i Minh | ||
| 980 | |a Trung tâm Học liệu Trường Đại học Cần Thơ | ||